युगात्मा : (Record no. 378043)
[ view plain ]
| 000 -LEADER | |
|---|---|
| fixed length control field | 01191nam a2200313 a 4500 |
| 001 - CONTROL NUMBER | |
| control field | vtls001088757 |
| 003 - CONTROL NUMBER IDENTIFIER | |
| control field | NLI |
| 005 - DATE AND TIME OF LATEST TRANSACTION | |
| control field | 20210603114249.0 |
| 008 - FIXED-LENGTH DATA ELEMENTS--GENERAL INFORMATION | |
| fixed length control field | 120323s1972 ii 000 d hin |
| 020 ## - INTERNATIONAL STANDARD BOOK NUMBER | |
| Terms of availability | Rs. 3.00 |
| 039 #9 - LEVEL OF BIBLIOGRAPHIC CONTROL AND CODING DETAIL [OBSOLETE] | |
| -- | 201203232237 |
| -- | VLOAD |
| 040 ## - CATALOGING SOURCE | |
| Original cataloging agency | NLI |
| Language of cataloging | hineng |
| Transcribing agency | Datasoft_Hindi |
| Description conventions | AACR2 |
| 041 0# - LANGUAGE CODE | |
| Language code of text/sound track or separate title | hin |
| 044 ## - COUNTRY OF PUBLISHING/PRODUCING ENTITY CODE | |
| MARC country code | ii |
| 082 04 - DEWEY DECIMAL CLASSIFICATION NUMBER | |
| Classification number | 891.432 |
| 100 1# - MAIN ENTRY--PERSONAL NAME | |
| Linkage | 880-01 |
| Personal name | चतुर्वेदी, सुधांशु, |
| Titles and words associated with a name | डॉ |
| 9 (RLIN) | 372088 |
| 245 10 - TITLE STATEMENT | |
| Linkage | 880-02 |
| Title | युगात्मा : |
| Remainder of title | अभिनव नाटय प्रयोग / |
| Statement of responsibility, etc. | सुधांशु चतुर्वेदी |
| 260 ## - PUBLICATION, DISTRIBUTION, ETC. | |
| Place of publication, distribution, etc. | केरल : |
| Name of publisher, distributor, etc. | सुधा पब्लिकेशन्स, |
| Date of publication, distribution, etc. | 1972 |
| 300 ## - PHYSICAL DESCRIPTION | |
| Extent | 55 p. ; |
| Dimensions | 19 cm. |
| 650 #0 - SUBJECT ADDED ENTRY--TOPICAL TERM | |
| Topical term or geographic name entry element | Hindi Drama |
| 9 (RLIN) | 165999 |
| 880 1# - ALTERNATE GRAPHIC REPRESENTATION | |
| Linkage | 100-01( B |
| a | Caturvedī, Sudhānśu, |
| c | Dr |
| 880 10 - ALTERNATE GRAPHIC REPRESENTATION | |
| Linkage | 245-02( B |
| a | Yugātmā : |
| b | abhinava nāṭya prayoga / |
| c | Sudhānśu Caturvedī |
| 887 ## - NON-MARC INFORMATION FIELD | |
| Content of non-MARC field | Lugard Kumar Singh(09.09.2011)Sanjit Mahato |
| 901 ## - LOCAL DATA ELEMENT A, LDA (RLIN) | |
| a | 33310 |
| b | 23.08.1974 |
| 902 ## - LOCAL DATA ELEMENT B, LDB (RLIN) | |
| a | H 891.432 C 558 |
| 904 ## - LOCAL DATA ELEMENT D, LDD (RLIN) | |
| c | Lugard Kumar Singh(09.09.2011)Sanjit Mahato |
| l | D 15612 |
| 942 ## - ADDED ENTRY ELEMENTS (KOHA) | |
| Source of classification or shelving scheme | Dewey Decimal Classification |
| Koha item type | Books |
| 949 ## - LOCAL PROCESSING INFORMATION (OCLC) | |
| -- | VIRTUAITEM |
| -- | 10000 |
| -- | 100 |
| 6 | DBA000033310HIN |
| Withdrawn status | Lost status | Damaged status | Not for loan | Collection code | Home library | Current library | Shelving location | Date acquired | Total Checkouts | Full call number | Barcode | Date last seen | Price effective from | Koha item type |
|---|---|---|---|---|---|---|---|---|---|---|---|---|---|---|
| Hindi | National Library of India | National Library of India | Hindi - Book - Main Stack Division | H 891.432 C 558 | DBA000033310HIN | 03/06/2021 | 03/06/2021 | Books |
